000 00498nam a2200181 a 4500
001 4261
003 CO-ViMGA
008 141112s2004 ck r 000 u spa d
040 _aCO-ViMGA
_bspa
_cCO-ViMGA
082 0 4 _a620.09 W743
100 1 _aWright, Paul H
_954813
245 1 0 _aIntroducción a la ingeniería
260 _aWilmington :
_bAddison - Wesley,
_c1994
300 _a310 p : il
650 1 4 _aINGENIERIA - HISTORIA
_954814
650 1 4 _aIngenierias - Conceptos
_954815
942 _2ddc
_cBK
999 _c16275
_d16275